Les titres de films contenant Tokyo - Statistiques

Statistiques générales
  • Ce quiz a été pris 28 fois
  • Le résultat moyen est 2 sur 10
Answers on the Grid
Answers color-coded by a green-red scale on the quiz's grid according to % correct below.
Deux Dégourdis à ...
Fast and Furious: ... Drift
Gosses de ...
..., mon amour
Rififi à ...
... Zombie
Le flic de ...
La Coccinelle à ...
Sidonie à ...
..., je t'aime
Atout cœur à ... pour OSS 117
Deux sœurs mélancoliques à ...
... Fiancée
Un été à ...
Rendez-vous à ...
La nuit à ...
Les délices de ...
Voyage à ...
... Hotel
.. Café
 
Statistiques - réponses
Réponse % Correct
Titre correct Fast and Furious: ... Drift
83%
Titre correct Atout cœur à ... pour OSS 117
21%
Titre correct Voyage à ...
21%
Titre correct ... Zombie
17%
Titre correct Deux Dégourdis à ...
4%
Titre correct Les délices de ...
4%
Titre correct Rendez-vous à ...
4%
Titre correct ... Fiancée
0%
Titre correct Gosses de ...
0%
Titre correct Rififi à ...
0%
Aucun quiz correspondant
Distribution des résultats
% des personnes avec chaque résultat
Percentile par nombre de réponses
Votre historique - résultats
Vous n’avez pas pris ce quiz